| 000 | 01153nam a2200337 c 4500 | ||
|---|---|---|---|
| 001 | 1107 | ||
| 003 | ES-MaCES | ||
| 005 | 20141221121528.0 | ||
| 008 | 941222s1994 fr ||| | eng d | ||
| 020 | _a9264040277 | ||
| 035 | _aCES19980011125m | ||
| 040 |
_aES-MaCES _bspa _cES-MaCES |
||
| 041 | 0 |
_aeng _afre |
|
| 245 | 0 | 0 |
_aInsurance statistics yearbook 1984-1991 _b= Annuaire des statistiques d'assurance |
| 246 | 3 | _aAnnuaire des statistiques d'assurance 1984-1991 | |
| 260 |
_aParis _bOrganisation for Economic Co-operation and Development = Organisation de coopération et de développement économiques _ccop. 1994 |
||
| 300 |
_a232 p. _c27 cm |
||
| 500 | _aTexto en inglés y francés | ||
| 541 | _cCompra | ||
| 650 | 4 |
_aseguros _928121 |
|
| 650 | 4 |
_aseguro de vida _928122 |
|
| 650 | 4 |
_apaís de la OCDE _929055 |
|
| 650 | 4 |
_a1984-1991 _930965 |
|
| 650 | 4 |
_adatos estadísticos _930765 |
|
| 650 | 4 |
_ainforme _928986 |
|
| 653 | 1 | 0 | _aEstadísticas sectoriales |
| 710 | 2 |
_aOrganización de Cooperación y Desarrollo Económico _94694 |
|
| 902 | _aLIB Libro | ||
| 942 |
_2CES _cBK _h8.3. |
||
| 999 |
_c1107 _d1107 |
||